000 00936nab a2200265 i 4500
001 193718
003 ES-MaACL
005 20250807083809.0
007 t|
008 240207s1994 sp ||||1| spa d
040 _aES-MaACL
_bspa
_cES-MaACL
100 1 _aCano, Gema
_9235092
_eaut
245 1 3 _aEl Ateneo de Madrid :
_bun patrimonio inextinguible /
_cGema Cano
260 _a[Madrid] :
_bIglesia y Mundo Actual,
_c1994
300 _a1 página ;
_c30 cm
336 _2rdacontent
_atexto
337 _2rdamedia
_asin mediación
338 _2rdacarrier
_avolumen
500 _aFotocopia del artículo de Gema Cano sobre el Ateneo de Madrid, publicado en la revista "Iglesia y mundo actual", 1994, 2ª quincena de abril, n. 493
610 2 4 _aAteneo de Madrid-
_vHistoria
_91925
852 4 _aES-MaACL
_cDEPOF
_j2347-F-63
_9201252
942 _2udc
_cANAB
_n0
999 _c193718
_d193718